Appointing a managing agent (Record no. 77457)
[ view plain ]
| 000 -LEADER | |
|---|---|
| fixed length control field | 01077cab a2200193 4500 |
| 001 - CONTROL NUMBER | |
| control field | ##L134328 |
| 008 - FIXED-LENGTH DATA ELEMENTS--GENERAL INFORMATION | |
| fixed length control field | 060726n2006 000 0 eng u |
| 035 ## - SYSTEM CONTROL NUMBER | |
| System control number | (Sirsi) u134328 |
| 041 0# - LANGUAGE CODE | |
| Language code of text/sound track or separate title | eng |
| 110 2# - MAIN ENTRY--CORPORATE NAME | |
| Corporate name or jurisdiction name as entry element | Association of Residential Managing Agents |
| 9 (RLIN) | 4485 |
| 245 00 - TITLE STATEMENT | |
| Title | Appointing a managing agent |
| Remainder of title | the need, selection and working with them |
| 260 ## - PUBLICATION, DISTRIBUTION, ETC. | |
| Place of publication, distribution, etc. | London |
| Name of publisher, distributor, etc. | LEASE |
| Date of publication, distribution, etc. | 2006 |
| 520 ## - SUMMARY, ETC. | |
| Summary, etc. | Aimed at people living in blocks of flats, whether a small conversion or a large purpose built unit, where they are leaseholders subject to the payment of service charges. Provides basic guidance on what is involved in managing the building, what options there are for the management and how to go about appointing and employing a managing agent. |
| 690 ## - LOCAL SUBJECT ADDED ENTRY--TOPICAL TERM (OCLC, RLIN) | |
| Topical term or geographic name as entry element | PROPERTY-PROPERTY MANAGEMENT-MANAGING AGENTS |
| 710 2# - ADDED ENTRY--CORPORATE NAME | |
| Corporate name or jurisdiction name as entry element | Association of Retirement Housing Managers |
| 9 (RLIN) | 3599 |
| 710 2# - ADDED ENTRY--CORPORATE NAME | |
| Corporate name or jurisdiction name as entry element | Leasehold Advisory Service |
| 9 (RLIN) | 3510 |
| 856 40 - ELECTRONIC LOCATION AND ACCESS | |
| Uniform Resource Identifier | <a href="https://arma.org.uk/leasehold-library/document/appointing-a-managing-agent/pages/1">https://arma.org.uk/leasehold-library/document/appointing-a-managing-agent/pages/1</a> |
| Public note | View the item free of charge at www.arma.org.uk... |
| 942 ## - ADDED ENTRY ELEMENTS (KOHA) | |
| Suppress in OPAC | 0 |
| Withdrawn status | Lost status | Source of classification or shelving scheme | Damaged status | Not for loan | Home library | Current library | Shelving location | Date acquired | Total Checkouts | Full call number | Barcode | Date last seen | Copy number | Price effective from | Koha item type |
|---|---|---|---|---|---|---|---|---|---|---|---|---|---|---|---|
| Dewey Decimal Classification | Virtual | Virtual | Online | 26/07/2006 | ONLINE PUBLICATION | 134328-1001 | 06/08/2019 | 1 | 06/08/2019 | Journal article |